The rat : a study in behavior /

সংরক্ষণ করুন:
গ্রন্থ-পঞ্জীর বিবরন
প্রধান লেখক: Barnett, Samuel Anthony (লেখক)
বিন্যাস: গ্রন্থ
ভাষা:ইংরেজি
প্রকাশিত: Chicago ; London : The University of Chicago press, c1975
সংস্করন:Revised ed
ট্যাগগুলো: ট্যাগ যুক্ত করুন
কোনো ট্যাগ নেই, প্রথমজন হিসাবে ট্যাগ করুন!

MARC

LEADER 00000nam a22000001i 4500
001 IT\ICCU\PUV\0630029
003 ItRI
005 20240312181523.0
008 001127s1975 xxu|||||| ||||| |||||c
040 |b ita  |c GP 
041 7 |a eng  |2 ISO-639-2 
100 1 |a Barnett, Samuel Anthony  |0 IT\ICCU\SBLV\102044  |4 aut 
245 1 4 |a The rat :  |b a study in behavior /  |c S. A. Barnett. 
250 |a Revised ed 
260 |a Chicago ;  |a London :  |b The University of Chicago press,  |c c1975 
300 |a XIV, 318 p. :  |b ill. ;  |c 24 cm. 
942 |2 ddc  |c BK 
952 |0 0  |1 0  |2 ddc  |4 0  |6 820_000000000000000_BAR  |7 1  |9 996  |a RM  |b RM  |d 2024-03-12  |l 0  |o 820 BAR  |p 487  |r 2024-03-12 18:15:50  |w 2024-03-12  |y BK 
981 1 |6 z01  |a i   |b xxxe  
982 1 |6 z01  |a n 
999 |c 907  |d 907